<?xml version="1.0" encoding="UTF-8"?>
<record
    xmlns:xsi="http://www.w3.org/2001/XMLSchema-instance"
    xsi:schemaLocation="http://www.loc.gov/MARC21/slim http://www.loc.gov/standards/marcxml/schema/MARC21slim.xsd"
    xmlns="http://www.loc.gov/MARC21/slim">

  <leader>01358nam a22002655a 4500</leader>
  <controlfield tag="003">OSt</controlfield>
  <controlfield tag="005">20170309130053.0</controlfield>
  <controlfield tag="008">170307s2012    ua     frb    000 0 ara d</controlfield>
  <datafield tag="015" ind1=" " ind2=" ">
    <subfield code="a">2012 / 5116</subfield>
  </datafield>
  <datafield tag="020" ind1=" " ind2=" ">
    <subfield code="a">9789770469722</subfield>
  </datafield>
  <datafield tag="040" ind1=" " ind2=" ">
    <subfield code="a">EG-ScBUE</subfield>
    <subfield code="b">ara</subfield>
    <subfield code="c">EG-ScBUE</subfield>
  </datafield>
  <datafield tag="043" ind1=" " ind2=" ">
    <subfield code="a">f-ua---</subfield>
  </datafield>
  <datafield tag="082" ind1="0" ind2="4">
    <subfield code="a">320.557</subfield>
    <subfield code="b">&#x623; &#x628; &#x648;</subfield>
    <subfield code="2">22</subfield>
  </datafield>
  <datafield tag="100" ind1="1" ind2=" ">
    <subfield code="a">&#x623;&#x628;&#x648; &#x639;&#x637;&#x64A;&#x629;&#x60C; &#x627;&#x644;&#x633;&#x64A;&#x62F;.</subfield>
  </datafield>
  <datafield tag="245" ind1="1" ind2="0">
    <subfield code="a">&#x646;&#x62D;&#x648; &#x625;&#x633;&#x644;&#x627;&#x645; &#x633;&#x64A;&#x627;&#x633;&#x64A; &#x645;&#x639;&#x627;&#x635;&#x631; /</subfield>
    <subfield code="c">&#x627;&#x644;&#x633;&#x64A;&#x62F; &#x623;&#x628;&#x648; &#x639;&#x637;&#x64A;&#x629;.</subfield>
  </datafield>
  <datafield tag="260" ind1=" " ind2=" ">
    <subfield code="a">&#x627;&#x644;&#x642;&#x627;&#x647;&#x631;&#x629; :</subfield>
    <subfield code="b">&#x62F;&#x627;&#x631; &#x627;&#x644;&#x646;&#x647;&#x636;&#x629; &#x627;&#x644;&#x639;&#x631;&#x628;&#x64A;&#x629;&#x60C;</subfield>
    <subfield code="c">[2012]</subfield>
  </datafield>
  <datafield tag="300" ind1=" " ind2=" ">
    <subfield code="a">&#x645;&#x62A;&#x639;&#x62F;&#x62F; &#x627;&#x644;&#x62A;&#x631;&#x642;&#x64A;&#x645; &#x61B;</subfield>
    <subfield code="c">24 &#x633;&#x645;.</subfield>
  </datafield>
  <datafield tag="504" ind1=" " ind2=" ">
    <subfield code="a">&#x64A;&#x634;&#x62A;&#x645;&#x644; &#x639;&#x644;&#x649; &#x625;&#x631;&#x62C;&#x627;&#x639;&#x627;&#x62A; &#x628;&#x628;&#x644;&#x64A;&#x648;&#x62C;&#x631;&#x627;&#x641;&#x64A;&#x629;.</subfield>
  </datafield>
  <datafield tag="505" ind1="0" ind2=" ">
    <subfield code="a">&#x645;&#x641;&#x647;&#x648;&#x645;&#x646;&#x627; &#x644;&#x644;&#x625;&#x633;&#x644;&#x627;&#x645; &#x627;&#x644;&#x633;&#x64A;&#x627;&#x633;&#x64A; &#x627;&#x644;&#x645;&#x639;&#x627;&#x635;&#x631; &#x640;&#x640; &#x627;&#x644;&#x62C;&#x632;&#x621; &#x627;&#x644;&#x623;&#x648;&#x644; : &#x645;&#x646;&#x627;&#x647;&#x62C; &#x627;&#x644;&#x628;&#x62D;&#x62B; &#x627;&#x644;&#x639;&#x644;&#x645;&#x64A; &#x641;&#x64A; &#x627;&#x644;&#x639;&#x644;&#x627;&#x642;&#x627;&#x62A; &#x627;&#x644;&#x62F;&#x648;&#x644;&#x64A;&#x629; &#x627;&#x644;&#x645;&#x642;&#x627;&#x631;&#x646;&#x629; &#x640;&#x640; &#x627;&#x644;&#x62C;&#x632;&#x621; &#x627;&#x644;&#x62B;&#x627;&#x646;&#x64A; : &#x645;&#x633;&#x62A;&#x642;&#x628;&#x644; &#x627;&#x644;&#x62F;&#x64A;&#x645;&#x648;&#x642;&#x631;&#x627;&#x637;&#x64A;&#x629; &#x648;&#x646;&#x638;&#x631;&#x64A;&#x629; &#x627;&#x644;&#x625;&#x633;&#x644;&#x627;&#x645; &#x627;&#x644;&#x633;&#x64A;&#x627;&#x633;&#x64A;&#x629; &#x640;&#x640; &#x627;&#x644;&#x62C;&#x632;&#x621; &#x627;&#x644;&#x62B;&#x627;&#x644;&#x62B; : &#x625;&#x646;&#x633;&#x627;&#x646;&#x64A;&#x629; &#x627;&#x644;&#x639;&#x644;&#x627;&#x642;&#x627;&#x62A; &#x627;&#x644;&#x62F;&#x648;&#x644;&#x64A;&#x629; &#x641;&#x64A; &#x627;&#x644;&#x625;&#x633;&#x644;&#x627;&#x645; &#x640;&#x640; &#x627;&#x644;&#x62C;&#x632;&#x621; &#x627;&#x644;&#x631;&#x627;&#x628;&#x639; : &#x641;&#x644;&#x633;&#x641;&#x629; &#x627;&#x644;&#x639;&#x644;&#x627;&#x642;&#x627;&#x62A; &#x627;&#x644;&#x62F;&#x648;&#x644;&#x64A;&#x629; &#x641;&#x64A; &#x627;&#x644;&#x625;&#x633;&#x644;&#x627;&#x645;.</subfield>
  </datafield>
  <datafield tag="650" ind1=" " ind2="7">
    <subfield code="a">&#x627;&#x644;&#x625;&#x633;&#x644;&#x627;&#x645; &#x648;&#x627;&#x644;&#x633;&#x64A;&#x627;&#x633;&#x629;.</subfield>
    <subfield code="2">BUEsh</subfield>
    <subfield code="9">13370</subfield>
  </datafield>
  <datafield tag="650" ind1=" " ind2="7">
    <subfield code="a">&#x627;&#x644;&#x62D;&#x631;&#x643;&#x627;&#x62A; &#x627;&#x644;&#x625;&#x633;&#x644;&#x627;&#x645;&#x64A;&#x629;.</subfield>
    <subfield code="2">BUEsh</subfield>
    <subfield code="9">13370</subfield>
  </datafield>
  <datafield tag="651" ind1=" " ind2=" ">
    <subfield code="2">BUEsh</subfield>
  </datafield>
  <datafield tag="653" ind1=" " ind2=" ">
    <subfield code="b">LLAAWW</subfield>
    <subfield code="c">March2017</subfield>
  </datafield>
  <datafield tag="942" ind1=" " ind2=" ">
    <subfield code="2">ddc</subfield>
  </datafield>
  <datafield tag="999" ind1=" " ind2=" ">
    <subfield code="c">24358</subfield>
    <subfield code="d">24330</subfield>
  </datafield>
  <datafield tag="952" ind1=" " ind2=" ">
    <subfield code="0">0</subfield>
    <subfield code="1">0</subfield>
    <subfield code="2">ddc</subfield>
    <subfield code="4">0</subfield>
    <subfield code="7">0</subfield>
    <subfield code="8">DarN.AR.</subfield>
    <subfield code="a">MAIN</subfield>
    <subfield code="b">MAIN</subfield>
    <subfield code="c">1ST</subfield>
    <subfield code="d">2017-03-07</subfield>
    <subfield code="e">Purchase</subfield>
    <subfield code="g">30.00</subfield>
    <subfield code="h">2815</subfield>
    <subfield code="o">320.557 &#x623; &#x628; &#x648;</subfield>
    <subfield code="p">000041304</subfield>
    <subfield code="r">2025-07-15 00:00:00</subfield>
    <subfield code="v">37.50</subfield>
    <subfield code="y">BB</subfield>
  </datafield>
  <datafield tag="952" ind1=" " ind2=" ">
    <subfield code="0">0</subfield>
    <subfield code="1">0</subfield>
    <subfield code="2">ddc</subfield>
    <subfield code="4">0</subfield>
    <subfield code="7">0</subfield>
    <subfield code="8">DarN.AR.</subfield>
    <subfield code="a">MAIN</subfield>
    <subfield code="b">MAIN</subfield>
    <subfield code="c">1ST</subfield>
    <subfield code="d">2017-03-07</subfield>
    <subfield code="e">Purchase</subfield>
    <subfield code="g">30.00</subfield>
    <subfield code="h">2815</subfield>
    <subfield code="o">320.557 &#x623; &#x628; &#x648;</subfield>
    <subfield code="p">000041305</subfield>
    <subfield code="r">2025-07-15 00:00:00</subfield>
    <subfield code="v">37.50</subfield>
    <subfield code="y">BB</subfield>
  </datafield>
</record>
